000 00862 a2200265 4500
003 OSt
005 20240910001719.0
008 130821s2010 ck gr spa
020 _a8482804243
020 _a8482803999 (obra completa)
040 _cCO-UdeC
_dCO-UdeC
_aCO-BoUCM
_bspa
041 0 0 _aspa
082 0 4 _a863
_bZ35
100 1 _aZapata Olivella, Manuel
_d1920-2004
_9156549
245 1 0 _aChangó, el gran putas /
_cManuel Zapata Olivella.
260 3 _aBogotá (Colombia) :
_bEditorial Oveja Negra,
_c[2010].
300 _a528 p. ;
_c24 cm.
490 0 _aBiblioteca de Literatura Colombiana
650 0 4 _aLiteratura colombiana
_918629
650 0 4 _920517
_aNovela histórica colombiana
650 0 4 _aAfrocolombianos
_vNovela
_929825
650 0 4 _aLiteratura colombiana
_918629
650 0 4 _aNovela colombiana
_920483
942 _cBK
_2ddc
_h863 Z35
999 _c1907
_d1907